[Event "2nd Yerevan Open"]
[Site "?"]
[Date "2017.09.27"]
[Round "9.9"]
[White "Hayrapetyan, Hovik"]
[Black "Andriasian, Zaven"]
[Result "1/2-1/2"]
[BlackElo "2593"]
[WhiteElo "2472"]
[LiveChessVersion "1.4.8"]

1. Nf3 {[%clk 1:28:44]} g6 {[%clk 1:28:27]} 2. e4 {[%clk 1:26:41]} d6
{[%clk 1:25:51]} 3. d4 {[%clk 1:26:24]} Nf6 {[%clk 1:25:11]} 4. Nc3
{[%clk 1:26:37]} Bg7 {[%clk 1:25:31]} 5. h3 {[%clk 1:26:28]} O-O {[%clk 1:25:22]}
6. Be3 {[%clk 1:26:48]} c6 {[%clk 1:12:17]} 7. a4 {[%clk 1:25:58]} Nbd7
{[%clk 1:12:20]} 8. a5 {[%clk 1:13:48]} b5 {[%clk 0:56:37]} 9. axb6
{[%clk 1:12:33]} Qxb6 {[%clk 0:55:46]} 10. Ra2 {[%clk 1:11:17]} Bb7
{[%clk 0:55:43]} 11. Bd3 {[%clk 1:06:47]} c5 {[%clk 0:51:08]} 12. O-O
{[%clk 0:58:43]} cxd4 {[%clk 0:48:45]} 13. Nxd4 {[%clk 0:52:35]} Nc5
{[%clk 0:47:10]} 14. Nb3 {[%clk 0:50:33]} Nfd7 {[%clk 0:42:32]} 15. Na4
{[%clk 0:44:03]} Qc7 {[%clk 0:42:20]} 16. Naxc5 {[%clk 0:43:54]} dxc5
{[%clk 0:36:46]} 17. Na5 {[%clk 0:39:53]} Bc8 18. Nc4 {[%clk 0:33:47]} Nb6
{[%clk 0:30:42]} 19. Nxb6 {[%clk 0:31:49]} Qxb6 {[%clk 0:31:08]} 20. Qd2
{[%clk 0:29:46]} Be6 {[%clk 0:27:37]} 21. Ra6 {[%clk 0:26:41]} Qc7
{[%clk 0:22:54]} 22. b3 {[%clk 0:25:27]} c4 {[%clk 0:20:30]} 23. bxc4
{[%clk 0:25:49]} Bxc4 {[%clk 0:20:42]} 24. Qa5 {[%clk 0:25:51]} Qxa5
{[%clk 0:19:42]} 25. Rxa5 {[%clk 0:26:12]} Bxd3 {[%clk 0:20:00]} 26. cxd3
{[%clk 0:26:39]} Rfd8 {[%clk 0:20:07]} 27. Rd1 {[%clk 0:25:33]} Bd4
{[%clk 0:14:08]} 28. Bxd4 {[%clk 0:24:51]} Rxd4 {[%clk 0:14:36]} 29. Kf1
{[%clk 0:25:16]} Rd7 {[%clk 0:14:49]} 30. Ke2 {[%clk 0:24:57]} Rb8
{[%clk 0:15:04]} 31. Ra3 {[%clk 0:23:12]} h5 {[%clk 0:12:43]} 32. Rc1
{[%clk 0:21:59]} e6 {[%clk 0:12:32]} 33. Rc6 {[%clk 0:22:12]} Kf8
{[%clk 0:12:06]} 34. Ke3 {[%clk 0:22:25]} Ke7 {[%clk 0:12:00]} 35. Rca6
{[%clk 0:22:24]} Rbb7 {[%clk 0:12:20]} 36. h4 {[%clk 0:22:31]} Rdc7
{[%clk 0:12:19]} 37. g3 {[%clk 0:22:16]} Rd7 {[%clk 0:12:26]} 38. f3
{[%clk 0:22:28]} Rdc7 {[%clk 0:11:52]} 39. Kf4 {[%clk 0:20:47]} Kf8
{[%clk 0:09:14]} 40. d4 {[%clk 0:43:40]} Rd7 {[%clk 0:37:44]} 41. Ke5
{[%clk 0:37:11]} Ke7 {[%clk 0:36:50]} 42. d5 {[%clk 0:36:00]} f6+
{[%clk 0:31:26]} 43. Kd4 {[%clk 0:36:17]} exd5 {[%clk 0:31:48]} 44. exd5
{[%clk 0:36:43]} Rb5 {[%clk 0:32:03]} 45. Re3+ {[%clk 0:36:54]} Kf7
{[%clk 0:32:27]} 46. d6 {[%clk 0:37:07]} Rb1 47. Rc3 {[%clk 0:16:46]} Ke6
{[%clk 0:28:15]} 48. Kc5 {[%clk 0:15:32]} Re1 {[%clk 0:25:53]} 49. f4
{[%clk 0:15:55]} Rd1 {[%clk 0:21:22]} 50. Re3+ {[%clk 0:14:00]} Kf5
{[%clk 0:21:06]} 51. Rc3 {[%clk 0:13:34]} Ke6 {[%clk 0:20:07]} 52. Re3+
{[%clk 0:13:22]} Kf5 {[%clk 0:20:30]} 53. Rc3 {[%clk 0:12:46]} Ke6
{[%clk 0:20:41]} 54. Re3+ {[%clk 0:13:02]} Kf5 {[%clk 0:21:04]} 55. Rc3
{[%clk 0:13:24]} 1/2-1/2

[Event "2nd Yerevan Open"]
[Site "?"]
[Date "2017.09.27"]
[Round "9.10"]
[White "Tahbaz, Arash"]
[Black "Pashikian, Arman"]
[Result "0-1"]
[BlackElo "2592"]
[WhiteElo "2381"]
[LiveChessVersion "1.4.8"]

1. e4 {[%clk 1:29:39]} e5 {[%clk 1:29:03]} 2. Nf3 {[%clk 1:29:59]} Nc6
{[%clk 1:29:29]} 3. Bc4 {[%clk 1:30:24]} Bc5 {[%clk 1:29:49]} 4. O-O
{[%clk 1:30:51]} d6 {[%clk 1:29:58]} 5. c3 {[%clk 1:31:12]} Nf6 {[%clk 1:30:25]}
6. d3 {[%clk 1:31:37]} h6 {[%clk 1:30:23]} 7. Nbd2 {[%clk 1:31:57]} O-O
{[%clk 1:29:35]} 8. h3 {[%clk 1:32:20]} a6 {[%clk 1:11:50]} 9. Bb3
{[%clk 1:32:41]} Re8 {[%clk 1:12:08]} 10. Re1 {[%clk 1:33:09]} Be6
{[%clk 1:12:19]} 11. Nf1 {[%clk 1:33:37]} d5 {[%clk 1:09:35]} 12. Nxe5
{[%clk 1:10:03]} Nxe5 {[%clk 0:58:34]} 13. d4 {[%clk 1:08:29]} Nxe4
{[%clk 0:41:41]} 14. dxc5 {[%clk 1:08:48]} Qh4 {[%clk 0:41:23]} 15. Ng3 Bxh3
{[%clk 0:28:51]} 16. Qxd5 {[%clk 0:28:36]} Nf6 {[%clk 0:23:20]} 17. Qxe5
{[%clk 0:24:54]} Rxe5 {[%clk 0:22:38]} 18. Rxe5 {[%clk 0:25:22]} Bd7
{[%clk 0:16:54]} 19. Be3 {[%clk 0:15:23]} Re8 {[%clk 0:08:59]} 20. Bd4
{[%clk 0:15:03]} Rxe5 {[%clk 0:08:06]} 21. Bxe5 {[%clk 0:15:32]} Ng4
{[%clk 0:07:55]} 22. Bxc7 {[%clk 0:16:00]} Qh2+ {[%clk 0:07:05]} 23. Kf1
{[%clk 0:16:29]} Bb5+ {[%clk 0:07:26]} 24. c4 {[%clk 0:16:11]} Bc6
{[%clk 0:07:45]} 0-1

[Event "2nd Yerevan Open"]
[Site "?"]
[Date "2017.09.27"]
[Round "9.11"]
[White "Hayrapetyan, Artavazd R."]
[Black "Sandipan, Chanda"]
[Result "1-0"]
[BlackElo "2570"]
[WhiteElo "2346"]
[LiveChessVersion "1.4.8"]

1. Nf3 {[%clk 1:30:30]} f5 {[%clk 1:30:39]} 2. d3 {[%clk 1:30:27]} Nc6
{[%clk 1:30:56]} 3. d4 {[%clk 1:30:17]} e6 {[%clk 1:31:14]} 4. g3
{[%clk 1:30:44]} Nf6 {[%clk 1:30:46]} 5. Bg2 {[%clk 1:31:10]} Be7
{[%clk 1:31:01]} 6. O-O {[%clk 1:31:10]} O-O {[%clk 1:31:22]} 7. c4
{[%clk 1:31:38]} d6 {[%clk 1:28:00]} 8. Nc3 {[%clk 1:30:45]} Ne4 {[%clk 1:27:24]}
9. Qc2 {[%clk 1:18:36]} Nxc3 {[%clk 1:27:28]} 10. Qxc3 {[%clk 1:18:59]} Bf6
{[%clk 1:27:28]} 11. Rd1 {[%clk 1:19:08]} Qe7 {[%clk 1:26:57]} 12. Qb3
{[%clk 0:49:21]} e5 {[%clk 1:18:37]} 13. d5 {[%clk 0:49:38]} Nd8 {[%clk 1:18:19]}
14. c5 {[%clk 0:44:08]} Nf7 {[%clk 1:15:37]} 15. cxd6 {[%clk 0:44:34]} cxd6
{[%clk 1:15:35]} 16. Bd2 {[%clk 0:44:56]} g5 {[%clk 1:08:38]} 17. Rac1
{[%clk 0:44:37]} f4 {[%clk 0:59:51]} 18. Rc4 {[%clk 0:43:42]} Bf5
{[%clk 0:58:43]} 19. Rdc1 {[%clk 0:44:01]} Rac8 {[%clk 0:58:50]} 20. Rxc8
{[%clk 0:41:04]} Bxc8 {[%clk 0:56:48]} 21. Rc4 {[%clk 0:40:11]} e4
{[%clk 0:54:08]} 22. Nd4 {[%clk 0:33:31]} Ne5 {[%clk 0:52:01]} 23. Ra4 e3
{[%clk 0:25:45]} 24. fxe3 {[%clk 0:28:43]} fxe3 {[%clk 0:25:51]} 25. Bxe3
{[%clk 0:23:52]} Ng4 {[%clk 0:24:24]} 26. Ne6 {[%clk 0:23:44]} Bxe6
{[%clk 0:24:14]} 27. dxe6 {[%clk 0:24:10]} Nxe3 {[%clk 0:24:32]} 28. Qxe3
{[%clk 0:24:34]} b6 {[%clk 0:22:15]} 29. Bd5 {[%clk 0:23:34]} Kh8
{[%clk 0:22:12]} 30. b3 {[%clk 0:19:20]} Be5 {[%clk 0:21:13]} 31. Kg2
{[%clk 0:19:35]} h6 {[%clk 0:16:25]} 32. Rc4 {[%clk 0:18:53]} Qf6
{[%clk 0:10:56]} 33. Qf3 {[%clk 0:19:11]} Qd8 {[%clk 0:09:17]} 34. Qg4
{[%clk 0:06:28]} Qf6 {[%clk 0:09:39]} 35. Bf3 {[%clk 0:04:04]} Qe7
{[%clk 0:07:23]} 36. Rc6 {[%clk 0:04:03]} Re8 {[%clk 0:03:56]} 37. Bd5
{[%clk 0:04:23]} Rf8 {[%clk 0:04:15]} 38. a4 {[%clk 0:02:39]} Qf6
{[%clk 0:03:21]} 39. Bf3 {[%clk 0:03:04]} Re8 {[%clk 0:03:38]} 40. Rc7
{[%clk 0:33:06]} Qxe6 {[%clk 0:32:51]} 41. Qxe6 {[%clk 0:33:30]} Rxe6
{[%clk 0:33:20]} 42. Rxa7 {[%clk 0:33:58]} Rg6 43. Bd5 g4 {[%clk 0:27:46]} 44. e3
{[%clk 0:29:23]} Bc3 45. Rb7 {[%clk 0:24:44]} Ba5 {[%clk 0:27:51]} 46. b4
{[%clk 0:21:51]} Bxb4 {[%clk 0:28:16]} 47. Rxb6 {[%clk 0:22:20]} Bc5
{[%clk 0:27:46]} 48. Rb3 {[%clk 0:17:16]} Rg5 {[%clk 0:25:02]} 49. e4
{[%clk 0:17:21]} Rg6 {[%clk 0:16:27]} 50. Rb8+ {[%clk 0:17:24]} Kg7
{[%clk 0:16:50]} 51. Rb7+ {[%clk 0:17:07]} Kf6 {[%clk 0:15:57]} 52. Rf7+
{[%clk 0:17:03]} Ke5 {[%clk 0:16:23]} 53. a5 {[%clk 0:17:25]} Rf6
{[%clk 0:15:01]} 54. Rxf6 {[%clk 0:17:50]} Kxf6 {[%clk 0:15:27]} 55. Kf1
{[%clk 0:17:44]} Ke5 {[%clk 0:12:41]} 56. Ke2 {[%clk 0:17:42]} Kd4
{[%clk 0:13:04]} 57. a6 {[%clk 0:18:11]} Kc3 {[%clk 0:13:06]} 58. Be6
{[%clk 0:18:03]} Kd4 {[%clk 0:13:31]} 59. Bxg4 {[%clk 0:17:35]} Kxe4
{[%clk 0:13:54]} 60. Bf3+ {[%clk 0:18:02]} Kd4 {[%clk 0:11:45]} 61. Bc6
{[%clk 0:17:32]} d5 {[%clk 0:11:31]} 62. Bb5 {[%clk 0:17:17]} Ke4
{[%clk 0:02:54]} 63. Bd3+ {[%clk 0:16:57]} Kd4 {[%clk 0:02:09]} 64. Bh7
{[%clk 0:17:11]} Kc4 {[%clk 0:01:31]} 65. Kf3 {[%clk 0:17:07]} d4
{[%clk 0:00:49]} 66. Ke2 {[%clk 0:17:13]} Kd5 {[%clk 0:00:49]} 67. Bd3
{[%clk 0:17:38]} Ke5 {[%clk 0:00:31]} 68. Kf3 {[%clk 0:18:02]} h5
{[%clk 0:00:41]} 69. h4 {[%clk 0:18:05]} 1-0

[Event "2nd Yerevan Open"]
[Site "?"]
[Date "2017.09.27"]
[Round "9.12"]
[White "Martirosyan, Haik M."]
[Black "Li, Bo"]
[Result "1/2-1/2"]
[BlackElo "2330"]
[WhiteElo "2570"]
[LiveChessVersion "1.4.8"]

1. d4 {[%clk 1:30:02]} d5 {[%clk 1:29:00]} 2. c4 {[%clk 1:30:03]} dxc4
{[%clk 1:27:24]} 3. Nf3 {[%clk 1:30:13]} Nf6 {[%clk 1:25:52]} 4. e3
{[%clk 1:30:39]} e6 {[%clk 1:18:42]} 5. Bxc4 {[%clk 1:30:52]} a6 {[%clk 1:17:48]}
6. O-O {[%clk 1:31:02]} b5 {[%clk 1:15:39]} 7. Be2 {[%clk 1:31:13]} Bb7
{[%clk 1:14:47]} 8. Nbd2 {[%clk 1:27:55]} Nbd7 {[%clk 1:12:05]} 9. a4
{[%clk 1:27:25]} b4 {[%clk 1:11:27]} 10. Nc4 {[%clk 1:25:54]} Be7
{[%clk 1:07:19]} 11. b3 {[%clk 1:23:09]} O-O {[%clk 1:04:26]} 12. Bb2
{[%clk 1:23:33]} c5 {[%clk 1:02:33]} 13. Rc1 {[%clk 1:21:39]} Bd5
{[%clk 0:55:40]} 14. dxc5 {[%clk 1:09:50]} Nxc5 {[%clk 0:51:27]} 15. Nd4
{[%clk 1:09:53]} Qb8 {[%clk 0:45:46]} 16. f3 {[%clk 1:08:24]} Rd8
{[%clk 0:43:15]} 17. Qc2 {[%clk 1:08:24]} Qa7 {[%clk 0:41:35]} 18. Kh1
{[%clk 0:56:23]} Rac8 {[%clk 0:39:28]} 19. Qb1 {[%clk 0:54:11]} Nfd7
{[%clk 0:28:18]} 20. Ba1 {[%clk 0:52:42]} Nb6 {[%clk 0:24:39]} 21. Na5 Ba8
{[%clk 0:19:31]} 22. e4 {[%clk 0:51:57]} Rc7 {[%clk 0:18:20]} 23. Rc2
{[%clk 0:44:02]} Rdc8 {[%clk 0:16:38]} 24. Qe1 {[%clk 0:40:47]} Ncd7
{[%clk 0:15:18]} 25. Qg3 {[%clk 0:40:17]} Bf6 {[%clk 0:14:41]} 26. Rxc7
{[%clk 0:40:36]} Rxc7 {[%clk 0:11:45]} 27. Qd6 {[%clk 0:40:47]} Rc5
{[%clk 0:10:57]} 28. Ndc6 {[%clk 0:39:14]} Nc8 {[%clk 0:10:15]} 29. Nxa7
{[%clk 0:33:11]} Nxd6 {[%clk 0:10:43]} 30. Rd1 {[%clk 0:31:08]} Bxa1
{[%clk 0:10:28]} 31. Rxd6 {[%clk 0:31:13]} Rc1+ {[%clk 0:10:19]} 32. Rd1
{[%clk 0:30:48]} Rxd1+ {[%clk 0:10:05]} 33. Bxd1 {[%clk 0:31:18]} Nb8
{[%clk 0:06:25]} 34. Nc8 {[%clk 0:31:09]} Bd4 {[%clk 0:06:14]} 35. Nc4
{[%clk 0:30:01]} Bc5 {[%clk 0:05:35]} 36. Ne5 {[%clk 0:28:37]} Kf8
{[%clk 0:04:29]} 37. Nd3 {[%clk 0:28:58]} Nd7 {[%clk 0:04:08]} 38. Nxc5
{[%clk 0:28:46]} Nxc5 {[%clk 0:04:37]} 39. Kg1 {[%clk 0:28:21]} Bb7
{[%clk 0:04:12]} 40. Nb6 {[%clk 0:58:17]} f5 {[%clk 0:33:17]} 41. exf5
{[%clk 0:57:28]} exf5 {[%clk 0:33:46]} 42. f4 {[%clk 0:54:22]} Ke7
{[%clk 0:32:48]} 43. Kf2 {[%clk 0:53:45]} Ke6 {[%clk 0:32:13]} 44. g3
{[%clk 0:49:20]} Bd5 {[%clk 0:28:16]} 45. Nxd5 {[%clk 0:49:24]} Kxd5
{[%clk 0:28:45]} 46. Ke3 {[%clk 0:49:45]} a5 {[%clk 0:28:31]} 47. h3
{[%clk 0:48:18]} Ne6 {[%clk 0:28:02]} 48. Be2 {[%clk 0:47:01]} Nd4
{[%clk 0:28:08]} 49. Bc4+ {[%clk 0:47:27]} Kc5 {[%clk 0:28:31]} 50. g4
{[%clk 0:47:49]} h6 {[%clk 0:25:57]} 51. g5 {[%clk 0:46:43]} Nc6 {[%clk 0:20:40]}
52. h4 {[%clk 0:46:43]} Ne7 53. h5 {[%clk 0:46:03]} Nd5+ {[%clk 0:20:40]} 54.
Bxd5 {[%clk 0:46:09]} Kxd5 {[%clk 0:21:07]} 55. g6 {[%clk 0:46:32]} Kc5
{[%clk 0:21:29]} 56. Kd3 {[%clk 0:46:57]} 1/2-1/2

[Event "2nd Yerevan Open"]
[Site "?"]
[Date "2017.09.27"]
[Round "9.13"]
[White "Petrosyan , Manuel"]
[Black "Hakobyan , Romik"]
[Result "1-0"]
[WhiteElo "2559"]
[BlackElo "1927"]
[PlyCount "61"]
[SourceDate "2017.09.27"]

1. d4 d5 2. c4 c6 3. Nc3 Nf6 4. e3 a6 5. Qc2 g6 6. Bd3 Bg7 7. b3 O-O 8. Nf3
Nbd7 9. O-O b5 10. e4 dxe4 11. Nxe4 Bb7 12. Rb1 Nxe4 13. Bxe4 e5 14. dxe5 Nxe5
15. Bb2 Qe7 16. Bxe5 Bxe5 17. Rfe1 f6 18. h4 Qg7 19. Rbd1 Rfe8 20. cxb5 cxb5
21. Bxb7 Qxb7 22. Nxe5 fxe5 23. Re4 Re7 24. Rd6 Rc8 25. Qe2 Rc6 26. Rxe5 Rxe5
27. Rd8+ Kf7 28. Qxe5 Rc1+ 29. Kh2 Qc7 30. Rd6 Qe7 31. Qd5+ 1-0

[Event "2nd Yerevan Open"]
[Site "?"]
[Date "2017.09.27"]
[Round "9.14"]
[White "Kalashian , David"]
[Black "Moskalenko , Alexander"]
[Result "1-0"]
[WhiteElo "2389"]
[BlackElo "2531"]
[PlyCount "67"]
[SourceDate "2017.09.27"]

1. d4 Nf6 2. c4 e6 3. Nf3 d5 4. Nc3 Bb4 5. Bg5 h6 6. Bxf6 Qxf6 7. Qa4+ Nc6 8.
e3 O-O 9. Rc1 a6 10. a3 Bxc3+ 11. Rxc3 dxc4 12. Qxc4 Bd7 13. Bd3 Rfc8 14. O-O
e5 15. d5 Ne7 16. Qe4 c6 17. dxc6 Nxc6 18. Rc5 Re8 19. Qh7+ Kf8 20. Nd2 Ke7 21.
f4 exf4 22. Rxf4 Qxb2 23. Nc4 Qb3 24. Bc2 Qa2 25. Qxg7 Be6 26. Qf6+ Kd7 27.
Rd4+ Kc8 28. Rxc6+ bxc6 29. Nd6+ Kc7 30. Qe5 Kd7 31. Nxe8+ Ke7 32. Qc5+ Kxe8
33. Qxc6+ Ke7 34. Qxa8 1-0

[Event "2nd Yerevan Open"]
[Site "?"]
[Date "2017.09.27"]
[Round "9.15"]
[White "Harutyunian , Tigran K."]
[Black "Pogosyan , Stefan"]
[Result "0-1"]
[WhiteElo "2520"]
[BlackElo "2349"]
[PlyCount "64"]
[SourceDate "2017.09.27"]

1. Nf3 d5 2. c4 d4 3. b4 g6 4. g3 Bg7 5. d3 a5 6. b5 e5 7. a4 b6 8. Bg2 Bb7 9.
Nbd2 Nd7 10. Ba3 Ne7 11. O-O O-O 12. Qc2 Re8 13. e3 dxe3 14. fxe3 Nf5 15. Rfe1
e4 16. dxe4 Nxe3 17. Rxe3 Bxa1 18. Rd3 c5 19. Bh3 Bd4+ 20. Rxd4 cxd4 21. Bxd7
Qxd7 22. Bb2 f5 23. Nxd4 Bxe4 24. Qc3 Qg7 25. Qb3 Qf7 26. Qc3 Qf6 27. Qb3 Rad8
28. N4f3 Bxf3 29. Nxf3 Qe6 30. Be5 Qf7 31. Kg2 Qb7 32. Qb2 Rd3 0-1

[Event "2nd Yerevan Open"]
[Site "?"]
[Date "2017.09.27"]
[Round "9.16"]
[White "Minasian , Artashes"]
[Black "Poghosyan , Suren"]
[Result "1-0"]
[WhiteElo "2492"]
[BlackElo "2256"]
[PlyCount "41"]
[SourceDate "2017.09.27"]

1. g3 Nf6 2. Bg2 g6 3. e4 d6 4. d4 Bg7 5. Ne2 O-O 6. O-O Nbd7 7. Nbc3 c6 8. a4
e5 9. a5 Re8 10. Re1 Qc7 11. h3 exd4 12. Nxd4 Nc5 13. Bf4 Nh5 14. Ndb5 cxb5 15.
Bxd6 Qc6 16. e5 Qd7 17. Bxc5 Bxe5 18. Qxd7 Bxd7 19. Bxb7 b4 20. Bxa8 bxc3 21.
bxc3 1-0

[Event "2nd Yerevan Open"]
[Site "?"]
[Date "2017.09.27"]
[Round "9.17"]
[White "Gevorgyan , David Sh."]
[Black "Hakobyan , Aram"]
[Result "0-1"]
[WhiteElo "2320"]
[BlackElo "2472"]
[PlyCount "62"]
[SourceDate "2017.09.27"]

1. d4 Nf6 2. Bf4 g6 3. Nf3 b6 4. Nbd2 Bb7 5. e3 d6 6. Bc4 Bg7 7. O-O O-O 8. Re1
Nh5 9. Bg5 h6 10. Bh4 Nd7 11. Qe2 a6 12. a4 Qe8 13. e4 e6 14. c3 g5 15. Bg3 Qe7
16. Nf1 Kh8 17. N3d2 Nf4 18. Qe3 e5 19. dxe5 dxe5 20. f3 f5 21. exf5 Rxf5 22.
Ne4 Raf8 23. Rad1 Nf6 24. Nxf6 Qxf6 25. Nd2 g4 26. Bxf4 Rxf4 27. Ne4 Qg6 28.
Nf2 Rxc4 29. Nxg4 e4 30. Rd7 exf3 31. Qe6 f2+ 0-1

[Event "2nd Yerevan Open"]
[Site "?"]
[Date "2017.09.27"]
[Round "9.18"]
[White "Baghdasaryan , Vahe"]
[Black "Babayan , Armine"]
[Result "1-0"]
[WhiteElo "2440"]
[BlackElo "2168"]
[PlyCount "129"]
[SourceDate "2017.09.27"]

1. e4 c5 2. Nf3 Nc6 3. d4 cxd4 4. Nxd4 Qb6 5. Nb3 Nf6 6. Nc3 e6 7. a3 a6 8. Bf4
Be7 9. e5 Ng8 10. Qg4 Kf8 11. Qg3 h5 12. h4 Nh6 13. Bd3 Qc7 14. O-O-O b5 15.
Be4 Rb8 16. Bg5 Nxe5 17. Bxe7+ Kxe7 18. Qxg7 Bb7 19. f4 Nhg4 20. Bh7 Nc4 21.
Qg5+ Nf6 22. Nc5 Rbg8 23. Bxg8 Rxg8 24. Rxd7+ Qxd7 25. Qxf6+ Kxf6 26. Nxd7+ Ke7
27. Nc5 Bc8 28. Rg1 f5 29. b3 Ne3 30. g3 Kd6 31. Kd2 Nxc2 32. N5e4+ fxe4 33.
Nxe4+ Kc7 34. Kxc2 e5 35. Rc1 exf4 36. gxf4 Rf8 37. Ng3 Kd6 38. Rd1+ Kc6 39.
Rd4 Rg8 40. Nxh5 Rh8 41. Ng7 Rxh4 42. Kc3 Rh7 43. Ne8 Rh8 44. Rd6+ Kb7 45. Rd8
Rh4 46. Rd4 Be6 47. b4 Rh8 48. Rd8 Rh3+ 49. Rd3 Rh8 50. Ng7 Bc4 51. Rf3 Rd8 52.
f5 Kc6 53. f6 Kd5 54. Re3 Rc8 55. Re6 Rh8 56. Rxa6 Rh3+ 57. Kd2 Rf3 58. Ne8 Kd4
59. Rd6+ Ke4 60. Rd7 Rf2+ 61. Kc3 Rf3+ 62. Kc2 Ke5 63. Re7+ Kd4 64. Rd7+ Ke5
65. Nd6 1-0

[Event "2nd Yerevan Open"]
[Site "?"]
[Date "2017.09.27"]
[Round "9.19"]
[White "Davtyan , Artur"]
[Black "Yegiazarian , Arsen"]
[Result "1-0"]
[WhiteElo "2303"]
[BlackElo "2421"]
[PlyCount "71"]
[SourceDate "2017.09.27"]

1. d4 Nf6 2. c4 e6 3. g3 d5 4. Nf3 Bb4+ 5. Bd2 Bd6 6. Bg2 O-O 7. O-O c6 8. Qc2
Nbd7 9. Rd1 Ne4 10. Ne1 Nxd2 11. Nxd2 f5 12. Nd3 Qe7 13. Nf3 b6 14. cxd5 cxd5
15. Qa4 a5 16. Nfe5 Bxe5 17. dxe5 Ba6 18. Nf4 Nc5 19. Qc6 Rab8 20. Rac1 g5 21.
Nd3 Rfc8 22. Qd6 Kf7 23. Rxc5 bxc5 24. Qxa6 c4 25. Ne1 Ra8 26. Qb6 Rab8 27. Qd4
Qc5 28. Qd2 h6 29. Qc2 Rd8 30. g4 Kg6 31. h4 Rf8 32. gxf5+ Rxf5 33. e4 Rxe5 34.
Nf3 d4 35. Rxd4 g4 36. Rxc4 1-0

[Event "2nd Yerevan Open"]
[Site "?"]
[Date "2017.09.27"]
[Round "9.20"]
[White "Mirzoyan , David"]
[Black "Torosyan , Norayr"]
[Result "1-0"]
[WhiteElo "2341"]
[BlackElo "2404"]
[PlyCount "83"]
[SourceDate "2017.09.27"]

1. d4 Nf6 2. c4 e6 3. Nf3 d5 4. g3 Bb4+ 5. Bd2 Be7 6. Bg2 O-O 7. O-O Nbd7 8.
Qc2 Ne4 9. Rc1 c6 10. a4 a5 11. Ne1 f5 12. Nd3 Bf6 13. e3 Qe7 14. Be1 b6 15.
cxd5 cxd5 16. Na3 Ba6 17. Nb5 Rfc8 18. Qb3 Bxb5 19. axb5 Qd6 20. h4 g5 21. hxg5
Bxg5 22. Qa4 Nxg3 23. Rxc8+ Rxc8 24. f4 Ne2+ 25. Kf1 Nxd4 26. Qxd4 Rc4 27. fxg5
Rxd4 28. exd4 Nf8 29. Rc1 Qd7 30. Rc6 Qg7 31. Ne5 Qxg5 32. Rxb6 Qe3 33. Bc3 h5
34. Rb8 h4 35. b6 h3 36. Bf3 Kg7 37. Rxf8 Qc1+ 38. Kf2 f4 39. Rf7+ Kh6 40. Rxf4
Qxf4 41. b7 h2 42. b8=Q 1-0

[Event "2nd Yerevan Open"]
[Site "?"]
[Date "2017.09.27"]
[Round "9.21"]
[White "Machkalyan , Haik"]
[Black "Omidi , Arya"]
[Result "1/2-1/2"]
[WhiteElo "1890"]
[BlackElo "2402"]
[PlyCount "101"]
[SourceDate "2017.09.27"]

1. Nf3 Nf6 2. d4 g6 3. g3 Bg7 4. Bg2 O-O 5. O-O d5 6. Nbd2 c6 7. Re1 Nbd7 8. e4
dxe4 9. Nxe4 Nxe4 10. Rxe4 Nf6 11. Re1 Bf5 12. c3 Be4 13. Bf4 Bd5 14. Qc1 Re8
15. Be5 Qb6 16. a4 Rac8 17. a5 Qb5 18. b4 Qd3 19. Qe3 Qf5 20. Qe2 Qe6 21. Rac1
Bh6 22. Ra1 Ng4 23. h3 Nxe5 24. Qxe5 Qd7 25. Qe2 Qd6 26. h4 Bg7 27. Ne5 Bxg2
28. Kxg2 b6 29. Qc4 Rf8 30. axb6 axb6 31. Ra7 c5 32. Nxf7 Qc6+ 33. Kg1 e6 34.
Rxe6 Qf3 35. Re3 cxd4 36. Nh6+ Kh8 37. Rxf3 Rxc4 38. Rxf8+ Bxf8 39. Nf7+ Kg8
40. cxd4 Rxd4 41. Ng5 h6 42. Ne6 Re4 43. Nf4 Bxb4 44. Nxg6 Bc5 45. Kf1 Rc4 46.
f4 h5 47. Kg2 Rc2+ 48. Kf3 Rc3+ 49. Kg2 Rc2+ 50. Kf3 Rc3+ 51. Kg2 1/2-1/2

[Event "2nd Yerevan Open"]
[Site "?"]
[Date "2017.09.27"]
[Round "9.22"]
[White "Mkrtchian , Lilit"]
[Black "Ziroyan , David"]
[Result "1/2-1/2"]
[WhiteElo "2401"]
[BlackElo "2055"]
[PlyCount "38"]
[SourceDate "2017.09.27"]

1. c4 Nf6 2. g3 g6 3. Bg2 Bg7 4. Nc3 c5 5. e3 Nc6 6. Nge2 d6 7. d3 h5 8. h3 Bd7
9. b3 Rb8 10. Bb2 a6 11. Qd2 b5 12. Rc1 O-O 13. O-O Qc8 14. Kh2 b4 15. Nd1 a5
16. d4 a4 17. d5 Na5 18. Qc2 Ra8 19. Rb1 Qe8 1/2-1/2

[Event "2nd Yerevan Open"]
[Site "?"]
[Date "2017.09.27"]
[Round "9.23"]
[White "Nalbandian , Tigran"]
[Black "Ghukasyan , Siranush"]
[Result "1-0"]
[WhiteElo "2455"]
[BlackElo "2218"]
[PlyCount "87"]
[SourceDate "2017.09.27"]

1. Nf3 d5 2. g3 c6 3. Bg2 Bg4 4. O-O Nd7 5. d3 e6 6. Nbd2 Bd6 7. e4 Ne7 8. h3
Bh5 9. b3 O-O 10. Bb2 f6 11. c4 a5 12. d4 Bf7 13. Qe2 a4 14. Bc3 Re8 15. b4 Qb8
16. Rfe1 b6 17. e5 Bc7 18. exf6 gxf6 19. Nh4 Kh8 20. Rac1 Rg8 21. b5 cxb5 22.
Bb4 Bd6 23. c5 bxc5 24. dxc5 Nc6 25. cxd6 Nxb4 26. Rc7 Ra7 27. Rec1 Nxa2 28.
R1c2 b4 29. Rxa7 Nc3 30. Qa6 Nc5 31. Qa5 Nb7 32. Qc7 Nxd6 33. Bf1 Qxc7 34. Rxc7
d4 35. Rd7 b3 36. Nxb3 axb3 37. Rb2 Rb8 38. Rxd6 Na4 39. Rd2 b2 40. Bd3 Rb3 41.
Bc2 Rc3 42. Rd8+ Kg7 43. Rb8 d3 44. Bxa4 1-0

[Event "2nd Yerevan Open"]
[Site "?"]
[Date "2017.09.27"]
[Round "9.24"]
[White "Yayloyan , Konstantin"]
[Black "Sargsyan , Shant"]
[Result "1/2-1/2"]
[WhiteElo "2142"]
[BlackElo "2436"]
[PlyCount "143"]
[SourceDate "2017.09.27"]

1. e4 c5 2. d3 Nc6 3. f4 d5 4. Be2 e6 5. Nf3 Bd6 6. O-O Nge7 7. c3 O-O 8. Be3
Bc7 9. g3 b6 10. Bf2 Bb7 11. Nbd2 Qd7 12. e5 d4 13. c4 Nf5 14. Ne4 Ne3 15. Bxe3
dxe3 16. Qc1 Nd4 17. Nxd4 cxd4 18. Bf3 Rae8 19. b4 Bxe4 20. Bxe4 f5 21. exf6
gxf6 22. a4 f5 23. Bf3 e5 24. fxe5 Bxe5 25. a5 Kh8 26. axb6 axb6 27. Ra2 f4 28.
g4 Rg8 29. Rg2 Bf6 30. Qb2 Bh4 31. Ra1 h5 32. h3 Bg3 33. Kf1 Rd8 34. Ke2 Rg6
35. gxh5 Rf6 36. Ra6 Kg7 37. Qa1 Kh6 38. Ra7 Qxh3 39. Rb7 Rd7 40. Rb8 Qxg2+ 41.
Bxg2 f3+ 42. Bxf3 Bxb8 43. Qa8 Rd8 44. Qe4 Rdf8 45. Kd1 Bd6 46. Qxd4 Rxf3 47.
Qxd6+ R8f6 48. Qd8 Rf1+ 49. Ke2 R6f3 50. Qxb6+ Kxh5 51. Qc5+ Kg4 52. Qc8+ Kg3
53. Qc7+ Kh3 54. Qd7+ Kg3 55. Qd6+ Kh3 56. Qe6+ Kg3 57. Qe5+ Kh3 58. Qh5+ Kg3
59. Qg5+ Kh3 60. Qh5+ Kg3 61. Qg5+ Kh3 62. Qh6+ Kg3 63. Qd6+ Kh3 64. Qe6+ Kg3
65. Qe5+ Kh3 66. Qh8+ Kg3 67. Qg7+ Kh3 68. Qh7+ Kg3 69. Qg6+ Kh3 70. Qh7+ Kg3
71. Qg6+ Kh3 72. Qh7+ 1/2-1/2

[Event "2nd Yerevan Open"]
[Site "?"]
[Date "2017.09.27"]
[Round "9.25"]
[White "Gharagyozyan , Artur"]
[Black "Chibukhchian , Artur"]
[Result "0-1"]
[WhiteElo "2170"]
[BlackElo "2417"]
[PlyCount "98"]
[SourceDate "2017.09.27"]

1. e4 c5 2. Nf3 e6 3. d4 cxd4 4. Nxd4 a6 5. Nc3 Qc7 6. Be2 Nf6 7. O-O Nc6 8.
Be3 Bb4 9. Na4 Be7 10. Nxc6 bxc6 11. Nb6 Rb8 12. Nxc8 Rxc8 13. Bxa6 Rb8 14. Bd3
Rxb2 15. a4 O-O 16. Bd4 Rbb8 17. c4 e5 18. Be3 Qa5 19. Qc2 h6 20. Kh1 Bc5 21.
Bc1 Bd4 22. Ra3 Rfe8 23. Be2 d6 24. Rg3 Kh8 25. Rf3 Re6 26. g4 Rb4 27. Ra3 Rb8
28. h4 d5 29. exd5 cxd5 30. g5 Ne4 31. Bf3 Nxf2+ 32. Kg2 e4 33. Be2 Qc5 34. Rb3
Rc8 35. Rb5 Qd6 36. Bb2 Bxb2 37. Rxf2 Bd4 38. Rxf7 hxg5 39. Rxd5 Qxd5 40. Rf8+
Rxf8 41. cxd5 Rf2+ 42. Kh3 Rh6 43. d6 Rxh4+ 44. Kg3 Rxe2 45. Qc8+ Kh7 46. Qf5+
g6 47. Qf7+ Kh6 48. Qf8+ Bg7 49. Qe7 Rhh2 0-1